| 000 | 00000nas 2200000zi 4500 |
| 001 | 9.904228 |
| 003 | CaOODSP |
| 005 | 20251204081909 |
| 006 | m o d f |
| 007 | cr ||||||||||| |
| 008 | 211019c20209999oncar p o f0###b0fre|d |
| 022 | |a2564-3754 |
| 040 | |aCaOODSP|bfre|erda|cCaOODSP |
| 043 | |an-cn--- |
| 086 | 1 |aCR1-19F-PDF |
| 110 | 2 |aConseil de recherches en sciences humaines du Canada.|eauteur. |
| 222 | 0|aRendement du CRSH en ... |
| 245 | 10|aRendement du CRSH en ... : |brapport sur les concours / |cpréparé par la Division de la planification et des opérations des programmes. |
| 246 | 30|aRapport sur les concours |
| 246 | 3 |aRendement du Conseil de recherches en sciences humaines en ... |
| 264 | 1|a[Ottawa] : |bSocial Sciences and Humanities Research Council of Canada = Conseil de recherches en sciences humaines du Canada,|c2020- |
| 310 | |aAnnuel |
| 336 | |atexte|btxt|2rdacontent/fre |
| 337 | |ainformatique|bc|2rdamedia/fre |
| 338 | |aressource en ligne|bcr|2rdacarrier/fre |
| 362 | 1 |aParaît depuis : 2019-2020. |
| 500 | |aPublié aussi en anglais sous le titre : SSHRC's performance in ... , report on competitions. |
| 588 | |aDescription d'après : 2019-2020. |
| 588 | |aDernière livraison consultée : 2020-2021. |
| 610 | 26|aConseil de recherches en sciences humaines du Canada|vPériodiques. |
| 650 | 6|aAide de l'État à la recherche|zCanada|vPériodiques. |
| 655 | 7|aPériodiques|2rvmgf |
| 710 | 2 |aConseil de recherches en sciences humaines du Canada|bDivision de la planification et des opérations des programmes, |eorganisme de publication. |
| 775 | 08|tSSHRC's performance in ... : |w(CaOODSP)9.904227 |